El arte de las uñas: manicure y pedicure (Registro nro. 9975)
[ vista simple ]
| 000 -Cabecera | |
|---|---|
| Campo de control de longitud fija | 00636nam a22002537a 4500 |
| 005 - Fecha y hora de la última transacción | |
| Campo de control | 20231213102045.0 |
| 008 - Elementos de longitud fija--Información general | |
| Campo de control de longitud fija | 171122b2010 xxu||||| |||| 00| 0 spa d |
| 020 ## - International Standard Book Number | |
| Número Internacional Estándar del Libro (ISBN) | 9789972209765 |
| 041 ## - Idioma | |
| Código de idioma | Español |
| 082 ## - Clasificación Decimal Dewey | |
| Número de clasificación | 646.727 A786a |
| 245 ## - Título propiamente dicho | |
| Título | El arte de las uñas: manicure y pedicure |
| 260 ## - Pie de imprenta | |
| Lugar de publicación, distribución, etc. | España |
| 260 ## - Pie de imprenta | |
| Nombre del editor, distribuidor, etc. | Lexus |
| 260 ## - Pie de imprenta | |
| Fecha de publicación, distribución, etc. | 2010 |
| 300 ## - Descripción física | |
| Extensión | 199 páginas |
| 505 ## - Nota de contenido | |
| Nota de contenido | Contiene DVD N°427 |
| 650 ## - Materia general | |
| Temática (materia general) | CUIDADO DE LAS UÑAS |
| 650 ## - Materia general | |
| Temática (materia general) | MANICURE |
| 650 ## - Materia general | |
| Temática (materia general) | DECORACIÓN DE UÑAS |
| 650 ## - Materia general | |
| Temática (materia general) | PEDICURE DE MUJERES |
| 650 ## - Materia general | |
| Temática (materia general) | MANICURE DE HOMBRES |
| 650 ## - Materia general | |
| Temática (materia general) | PEDICURE DE HOMBRES |
| 942 ## - Punto de acceso adicional KOHA | |
| Tipo de ítem KOHA | Libro |
| Fuente del sistema de clasificación o colocación | Dewey Decimal Classification |
| Signatura completa | Código de barras | Tipo de ítem |
|---|---|---|
| 646.727 A786a | 713 | Libro |
| 646.727 A786a | 427ADVD | DVD |
| 646.727 A786a | 427BDVD | DVD |